<?xml version="1.0" encoding="UTF-8"?>
<record
    xmlns:xsi="http://www.w3.org/2001/XMLSchema-instance"
    xsi:schemaLocation="http://www.loc.gov/MARC21/slim http://www.loc.gov/standards/marcxml/schema/MARC21slim.xsd"
    xmlns="http://www.loc.gov/MARC21/slim">

  <leader>01062cam a2200313 a 4500</leader>
  <controlfield tag="001">TB12678</controlfield>
  <controlfield tag="003">IN-BhIIT</controlfield>
  <controlfield tag="005">20260116162233.0</controlfield>
  <controlfield tag="008">860310s1985    enk           001 0 eng  </controlfield>
  <datafield tag="020" ind1=" " ind2=" ">
    <subfield code="a">9780521437219 (pbk.)</subfield>
  </datafield>
  <datafield tag="040" ind1=" " ind2=" ">
    <subfield code="a">IN-BhIIT</subfield>
  </datafield>
  <datafield tag="041" ind1=" " ind2=" ">
    <subfield code="a">eng</subfield>
  </datafield>
  <datafield tag="082" ind1="0" ind2="0">
    <subfield code="a">518.2015153 </subfield>
    <subfield code="b">VET/N</subfield>
  </datafield>
  <datafield tag="100" ind1=" " ind2=" ">
    <subfield code="a">Vetterling, William T. </subfield>
    <subfield code="e">Author</subfield>
    <subfield code="9">26803</subfield>
  </datafield>
  <datafield tag="245" ind1="0" ind2="0">
    <subfield code="a">Numerical recipes example book (FORTRAN) /</subfield>
    <subfield code="c">William T. Vetterling ... [et al].</subfield>
  </datafield>
  <datafield tag="260" ind1=" " ind2=" ">
    <subfield code="a">New York :</subfield>
    <subfield code="b">Cambridge University Press,</subfield>
    <subfield code="c">1985.</subfield>
  </datafield>
  <datafield tag="300" ind1=" " ind2=" ">
    <subfield code="a">viii, 179 p. :</subfield>
    <subfield code="b">ill. ;</subfield>
    <subfield code="c">24 cm.</subfield>
  </datafield>
  <datafield tag="490" ind1=" " ind2=" ">
    <subfield code="a">Numerical Recipes</subfield>
  </datafield>
  <datafield tag="500" ind1=" " ind2=" ">
    <subfield code="a">Includes index.</subfield>
  </datafield>
  <datafield tag="504" ind1=" " ind2=" ">
    <subfield code="a">Includes bibliographical references and index.</subfield>
  </datafield>
  <datafield tag="650" ind1=" " ind2="0">
    <subfield code="a">Numerical language  </subfield>
    <subfield code="9">27046</subfield>
  </datafield>
  <datafield tag="650" ind1=" " ind2="0">
    <subfield code="a">FORTRAN [computer program language]  </subfield>
    <subfield code="9">7089</subfield>
  </datafield>
  <datafield tag="650" ind1=" " ind2="0">
    <subfield code="a">Numerical Analysis  </subfield>
    <subfield code="9">2089</subfield>
  </datafield>
  <datafield tag="650" ind1=" " ind2="0">
    <subfield code="a">Programming Languages </subfield>
    <subfield code="9">3313</subfield>
  </datafield>
  <datafield tag="700" ind1="1" ind2=" ">
    <subfield code="a">Press, William H.</subfield>
    <subfield code="e">Joint author</subfield>
    <subfield code="9">14963</subfield>
  </datafield>
  <datafield tag="700" ind1="1" ind2=" ">
    <subfield code="a">Teukolsky, Saul A.</subfield>
    <subfield code="e">Joint author</subfield>
    <subfield code="9">26805</subfield>
  </datafield>
  <datafield tag="700" ind1="1" ind2=" ">
    <subfield code="a">Fannery, Brain P.</subfield>
    <subfield code="e">Joint author</subfield>
    <subfield code="9">26806</subfield>
  </datafield>
  <datafield tag="942" ind1=" " ind2=" ">
    <subfield code="c">TB</subfield>
  </datafield>
  <datafield tag="999" ind1=" " ind2=" ">
    <subfield code="c">15209</subfield>
    <subfield code="d">15209</subfield>
  </datafield>
  <datafield tag="952" ind1=" " ind2=" ">
    <subfield code="0">0</subfield>
    <subfield code="1">0</subfield>
    <subfield code="2">ddc</subfield>
    <subfield code="4">0</subfield>
    <subfield code="7">0</subfield>
    <subfield code="8">SMS</subfield>
    <subfield code="a">CLIITBBS</subfield>
    <subfield code="b">CLIITBBS</subfield>
    <subfield code="d">2025-12-08</subfield>
    <subfield code="e">31</subfield>
    <subfield code="g">3825.05</subfield>
    <subfield code="l">0</subfield>
    <subfield code="o">518.2015153 VET/N</subfield>
    <subfield code="p">TB12677</subfield>
    <subfield code="r">2025-12-08 00:00:00</subfield>
    <subfield code="v">5239.80</subfield>
    <subfield code="w">2025-12-08</subfield>
    <subfield code="y">RES</subfield>
  </datafield>
  <datafield tag="952" ind1=" " ind2=" ">
    <subfield code="0">0</subfield>
    <subfield code="1">0</subfield>
    <subfield code="2">ddc</subfield>
    <subfield code="4">0</subfield>
    <subfield code="7">0</subfield>
    <subfield code="8">SMS</subfield>
    <subfield code="a">CLIITBBS</subfield>
    <subfield code="b">CLIITBBS</subfield>
    <subfield code="d">2025-12-08</subfield>
    <subfield code="e">31</subfield>
    <subfield code="g">3825.05</subfield>
    <subfield code="l">0</subfield>
    <subfield code="o">518.2015153 VET/N</subfield>
    <subfield code="p">TB12678</subfield>
    <subfield code="r">2025-12-08 00:00:00</subfield>
    <subfield code="v">5239.80</subfield>
    <subfield code="w">2025-12-08</subfield>
    <subfield code="y">TB</subfield>
  </datafield>
</record>
